Deutsche Städte mit "A" - Statistiken

Allgemein
  • Dieses Quiz wurde 243 mal gespielt
  • Das Durchschnittsergebnis liegt bei 21 aus 71
Antwortstatistiken
Bundesland Stadt % Korrekt
Baden-Württemberg Aach
90%
Baden-Württemberg Aalen
89%
Nordrhein-Westfalen Ahlen
89%
Bayern Augsburg
83%
Nordrhein-Westfalen Aachen
82%
Bayern Aschaffenburg
80%
Bayern Amberg
70%
Bayern Ansbach
63%
Niedersachsen Aurich
59%
Sachsen Altenberg
58%
Thüringen Altenburg
58%
Schleswig-Holstein Ahrensburg
52%
Thüringen Apolda
52%
Thüringen An der Schmücke
51%
Nordrhein-Westfalen Arnsberg
50%
Rheinland-Pfalz Alzey
49%
Mecklenburg-Vorpommern Anklam
48%
Sachsen-Anhalt Aschersleben
48%
Rheinland-Pfalz Andernach
47%
Sachsen-Anhalt Annaburg
45%
Sachsen Annaberg-Buchholz
44%
Nordrhein-Westfalen Ahaus
42%
Bayern Altötting
42%
Thüringen Arnstadt
36%
Bayern Auerbach in der Oberpfalz
36%
Sachsen Auerbach /Vogtland
36%
Baden-Württemberg Achern
34%
Nordrhein-Westfalen Altena
34%
Nordrhein-Westfalen Attendorn
31%
Niedersachsen Achim
30%
Bayern Aub
30%
Baden-Württemberg Aulendorf
30%
Bayern Aichach
28%
Bayern Alzenau
28%
Sachsen Aue-Bad Schlema
28%
Rheinland-Pfalz Altenkirchen (Westerwald)
26%
Hessen Alsfeld
25%
Bayern Abensberg
23%
Baden-Württemberg Adelsheim
23%
Sachsen Adorf /Vogtland
23%
Baden-Württemberg Albstadt
22%
Nordrhein-Westfalen Alsdorf
22%
Rheinland-Pfalz Adenau
19%
Sachsen Augustusburg
19%
Brandenburg Angermünde
17%
Sachsen-Anhalt Aken (Elbe)
16%
Bayern Altdorf bei Nürnberg
14%
Bayern Abenberg
13%
Hessen Allendorf (Lumda)
13%
Niedersachsen Alfeld (Leine)
11%
Rheinland-Pfalz Annweiler am Trifels
8%
Sachsen-Anhalt Arendsee (Altmark)
8%
Bayern Amorbach
7%
Baden-Württemberg Aichtal
6%
Sachsen-Anhalt Alsleben (Saale)
6%
Bayern Arnstein
6%
Sachsen-Anhalt Arnstein
6%
Thüringen Amt Creuzburg
5%
Baden-Württemberg Asperg
5%
Hessen Amöneburg
4%
Schleswig-Holstein Arnis
3%
Baden-Württemberg Alpirsbach
2%
Mecklenburg-Vorpommern Altentreptow
2%
Brandenburg Altlandsberg
2%
Thüringen Artern
2%
Bayern Arzberg
2%
Sachsen-Anhalt Allstedt
1%
Baden-Württemberg Altensteig
1%
Sachsen-Anhalt Arneburg
1%
Hessen Aßlar
1%
Thüringen Auma-Weidatal
1%
Keine übereinstimmenden Quizze gefunden
Verteilung der Resultate
Anzahl Personen mit jedem Resultat
Perzentil nach korrekt beantworteten Fragen
Ihre Resultats-Entwicklung
Sie haben dieses Quiz noch nicht gespielt